000 00563nam a22001577a 4500
003 OSt
005 20151119140922.0
008 151119b xxu||||| |||| 00| 0 eng d
040 _cRUA
082 _aFIS ជុន 1995 B160 Or.1
100 _93931
_aជុន​ សូផាត
245 _aShrimp culture in kompot district of kompot province, ការចិញ្ចឹុម​បង្គាក្នុងស្រុកកំពត ខេត្តកំពត,
260 _aPhnom Penh
_bRUA
_c1995
300 _a96p.
_bill.
_c29cm.
942 _2ddc
_cFIS
999 _c3657
_d3657